000 00630nam a2200169Ia 4500
008 090711s9999 xx 000 0 und d
082 _b19228
100 _aपानसे भाऊ
245 _aमहाराष्ट्रांत विनोबा (भाग 6)
260 _bग्राम सेवा मंडळ
_c1959
300 _a159
600 _aपानसे भाऊ
630 _aमहाराष्ट्रांत विनोबा (भाग 6)
700 _aपानसे भाऊ
730 _aमहाराष्ट्रांत विनोबा (भाग 6)
942 _cBOOK
999 _c283455
_d283455